5HLuxD.jpg

KING HENRY VIII SENIOR AND PRIMARY SCHOOL LIBRARY OPAC

FALL (Record no. 4488)

000 -LEADER
fixed length control field 00288nam a22001217a 4500
008 - FIXED-LENGTH DATA ELEMENTS--GENERAL INFORMATION
fixed length control field 250225b ||||| |||| 00| 0 eng d
020 ## - INTERNATIONAL STANDARD BOOK NUMBER
International Standard Book Number 9789888155781
082 ## - DEWEY DECIMAL CLASSIFICATION NUMBER
Classification number 508.2 ROC
100 ## - MAIN ENTRY--PERSONAL NAME
Personal name ROCA,NURIA
Relator term AUTHOR
245 ## - TITLE STATEMENT
Title FALL
260 ## - PUBLICATION, DISTRIBUTION, ETC.
Place of publication, distribution, etc. HONG KONG
Name of publisher, distributor, etc. ACTIVE MINDS LTD
Date of publication, distribution, etc. 2014
942 ## - ADDED ENTRY ELEMENTS (KOHA)
Source of classification or shelving scheme

No items available.

Powered By KH8 IT Dept